000 03112cam a22013214i 4500
003 PE-LiUPU
005 20250813185412.0
008 171220s2017 xxu0 r0 001 0 eng d
020 _a9780393249248
035 _a(Sirsi) a240607
040 _aPE-LiUPU
_bspa
_cPE-LiUPU
_erda
049 _aPRUA
082 0 4 _a362.1
_bP34
_223
100 1 _aPearson, Rachel,
_eautor.
245 1 0 _aNo apparent distress :
_ba doctor's coming-of-age on the front lines of American medicine /
_cRachel Pearson.
250 _aFirst edition.
264 1 _aNew York :
_bNorton & Company;
_c2017.
300 _a260 páginas ;
_c25 centímetros
336 _atext
_2rdacontent
337 _aunmediated
_2rdamedia
338 _avolume
_2rdacarrier
504 _aÍndice : páginas 255-260.
505 0 _aNo apparent distress.
526 _aP202
526 _aP201
526 _aP163
526 _aP162
526 _aP161
526 _aP160
526 _aP148
526 _aP147
526 _aP146
526 _aP145
526 _aP144
526 _aP143
526 _aP142
526 _aP141
526 _aP140
526 _aP139
526 _aP138
526 _aP137
526 _aP136
526 _aP135
526 _aP134
526 _aP133
526 _aP129
526 _aP128
526 _aP127
526 _aP120
526 _aP119
526 _aP118
526 _aP116
526 _aP115
526 _aP114
526 _aP110
526 _aP109
526 _aP108
526 _aP104
526 _aP103
526 _aP102
526 _aP99
526 _aP98
526 _aP97
526 _aP96
526 _aP95
526 _aP93
526 _aP90
526 _aP89
526 _aP88
526 _aP83
526 _aP82
526 _aP62
526 _aP59
526 _aP58
526 _aP57
526 _aP51
526 _aP49
526 _aP48
526 _aP47
526 _aP29
526 _aP24
526 _aP20
526 _aP19
526 _aP17
526 _aP15
526 _aP14
526 _aP12
526 _aP10
526 _aP09
526 _aP08
526 _aP07
526 _aP06
526 _aP05
526 _aP04
526 _aP01
650 0 4 _aStudents, Medical.
650 0 4 _aEducation, Medical.
650 0 4 _aHealthcare Disparities.
650 0 4 _aHealth Care Rationing.
650 0 4 _aSocioeconomic Factors.
650 0 4 _aUnited States.
650 0 4 _aEstudiantes, médicos.
650 0 4 _aEducación, Médico.
650 0 4 _aDisparidades en la atención médica.
650 0 4 _aRacionamiento de atención médica.
650 0 4 _aFactores socioeconómicos.
650 0 4 _aEstados Unidos.
_9237
910 _adbm
_bksl
_cksl
_d20171220
596 _a1
942 _2ddc
_cBOOK
999 _a362.1 P34
_wLC
_c26284
_i77703
_f2021-11-11
_g5
_lCCODEBUL1
_mBUL
_p25.47
_r0
_sY
_tBOOK
_u2017-12-20
_xTEOLOGIA
_PP85
_0COMPRA
_o.STAFF. Colección Teología
_d26284
980 _81
_gALBERTO SANCHEZ Responsable de Automatización